Регионална библиотека "Любен Каравелов" - Русе

Хипи (Запис номер 325961)

MARC детайли
000 -Лидер
Контролно поле с фиксирана дължина nam a22 a 4500
003 - Код на организацията, давaща контролен номер
Контролно поле BLK
005 - Дата и час на последна редакция
Контролно поле 20221020143447.0
008 - Елементи от данни с фиксирана дължина
fixed length control field 180408b bul|||||r ||||||| ||bul||
010 ## - Наследен системен номер
LC control number KNG00044651000
020 ## - Международен стандартен номер на книга ISBN
Международен стандартен номер на книга ISBN 978-954-769-460-6
040 ## - Източник на каталожния запис
Идентификатор на билиотеката - собственик на записа BLK
041 ## - Код за език
Код за езика на текст/звукозапис или на отделно заглавие Български
Код за езика КДБФ Български
080 ## - УДК
Текстов определител УДК Бразилска литература
УДК код - определител по УДК 821.134.3(81)
УДК определител -31
УДК - код + определител 821.134.3(81)-31
100 1# - Редна дума - Автор
Автор Коелю, Паулу
Авторска отговорност първи автор
R(LIN) 80439
139 ## - Редно поле
Редна дума Коелю, Паулу
Авторски знак Кодж - К 73
245 10 - Сведения за заглавието
Заглавие Хипи
Подзаглавни данни Роман
Редно поле (дума) Паулу Коелю; прев. от португ. Вера Киркова-Жекова.
250 ## - Област на изданието
Сведения за изданието 2. изд.
257 ## - Страна на издаване
Страна на създаване/издаване Бразилия
260 ## - Област на издателските данни
Име на издателя, разпространителя и проч. Обсидиан
Година на издаване 2018
Печатница В. Търново : Абагар
Място на издаване, разпространение и проч. София
300 ## - Физическа характеристика
Страници 286 с.
Размери/Мащаб 21 см
380 ## - Жанр
Жанр Худож. лит.
500 ## - Общи забележки
Забележка Ориг. загл.: Adultério / Paulo Coelho. - 1. изд. 2014
653 ## - Ключова дума – ненормативна
Ключова дума романи
659 ## - Тематичен бюлетин
Тематичен бюлетин Н
700 1# - Други автори (авторска отговорност)
Лично име Киркова-Жекова, Вера
Автороска отговорност (Описва отношението между автора и произведението) прев. от португ.
9 (RLIN) 277542
852 ## - Местоположение
Фондова буква Заемна - подръчен фонд
Систематично-азбучна сигнатура П 869.0-31/К 73
852 ## - Местоположение
Фондова буква Хранилище
Форматна сигнатура Цб 300491
999 ## - СИСТЕМНИ КОНТРОЛНИ НОМЕРА
Koha biblionumber 325961
Koha biblioitemnumber 325961
942 ## - АРТИКУЛИ
Вид на библиотечния материал Книги
Koha issues (borrowed), all copies 39
Скрит в OPAC Не
Периодичен библиозапис Да
944 ## - СЪЗДАВАНЕ И РЕДАКЦИЯ на ЗАПИСА
Създаване/Редакция Редакция
Дата на регистрацията/редакция 2020-07-03
Служител, извършил регистрацията/редакцията ГГГ
999 ## - СИСТЕМНИ КОНТРОЛНИ НОМЕРА
Koha biblioitemnumber 325961
Наличности
Код за отписване Код за изгубен артикул Източник на класификационната схема Код за повреда Код за отдаване Артикулен № Име на библиотеката - собственик Име на библиотеката, в която се намира в момента Статус (Текущо местоположение) Дата на вписване в системата Местоположение - отдел Цена в лева Инвентарен номер Систематично азбучна сигнатура Баркод Цена в евро Служебен тип на артикула Коз за рестрикции
  Не е изгубен Universal Decimal Classification Не е повреден заемане за дома 681959 Регионална библиотека "Любен Каравелов" Русе Регионална библиотека "Любен Каравелов" Русе Заемна - подръчен фонд 2018-11-07 Заемна - подръчен фонд 13.50 120000825640 П 869.0-31/К 73 120000825640 6.90 Книги  
  Не е изгубен Universal Decimal Classification Не е повреден заемане за дома 681960 Регионална библиотека "Любен Каравелов" Русе Регионална библиотека "Любен Каравелов" Русе Заемна - подръчен фонд 2018-11-07 Заемна - подръчен фонд 13.50 120000825641 П 869.0-31/К 73 120000825641 6.90 Книги  
  Не е изгубен Universal Decimal Classification Не е повреден ползва се в читалня 781589 Регионална библиотека "Любен Каравелов" Русе Регионална библиотека "Любен Каравелов" Русе Хранилище 2020-07-06 Хранилище 18.00 120000845464 Цб 300491 120000845464 9.20 Книги само за читалня
Vip Innovations Ltd, Rousse, Bulgaria 2025